| 000 | 00804nam a22002297a 4500 | ||
|---|---|---|---|
| 003 | BUBTL | ||
| 008 | 240224b ||||| |||| 00| 0 eng d | ||
| 020 | _a9788193593868 | ||
| 041 | _aeng | ||
| 082 | _a658.5/ Sr34q/ 2023 | ||
| 100 |
_95689 _aSrinivasan, G. |
||
| 245 |
_aQuantitative models in operations and supply chain management / _c G. Srinivasan |
||
| 250 | _a2nd ed | ||
| 260 |
_aDelhi: _bPHI Learning Private Limited, _cc2023 |
||
| 300 |
_axi, 384 p. : _c24 cm. |
||
| 500 | _aIncludes Index | ||
| 505 | _aQuantitative models in operations and supply chain management, Introduction to operations and supply chain management, Location and layout decisions, Management, | ||
| 650 | 0 |
_939 _aManagement |
|
| 856 |
_k0 _l0 _yDownload |
||
| 942 |
_2ddc _cBK |
||
| 999 |
_c7226 _d7226 |
||